| 000 | 01758nam1a2200313 4500 | ||
|---|---|---|---|
| 001 | RU\NLR\bibl\1933953 | ||
| 005 | 20220514151751.0 | ||
| 035 | _a(NLR Aleph) 001923278 | ||
| 090 |
_a3335268 _c3335268 |
||
| 100 | _a20120814g20129999k y0rusy50 ca | ||
| 101 | 0 | _arus | |
| 102 | _aRU | ||
| 105 | _a||||z ||||| | ||
| 200 | 1 |
_aРакетно-космическое приборостроение и информационные технологии _e[сборник материалов] _fОткрытое АО "Рос. корпорация ракет.-косм. приборостроения и информ. систем" _gпод ред. д.т.н., проф. Ю.М. Урличича, д.т.н., проф. А.А. Романова |
|
| 210 |
_aМосква _cРадиотехника _d2012 |
||
| 215 | _d26 | ||
| 313 | _aинформационные технологии для космоса | ||
| 463 | 0 | _10011922802 | |
| 606 | 1 |
_aКосмическое приборостроение _jСъезды, совещания и т.п. _91384084 _3RU\NLR\auth\66581174 |
|
| 686 | _aО667я431(2) | ||
| 702 | 1 |
_4340 _7ca _8rus _aУрличич _bЮ. М. _gЮрий Матевич _9126199 _3RU\NLR\AUTH\7716562 |
|
| 712 | 0 | 2 |
_4570 _aРоссийская корпорация ракетно-космического приборостроения и информационных систем _9274544 _3RU\NLR\AUTH\8810192146 |
| 801 | 0 |
_aRU _bNLR _c20120814 _gRCR |
|
| 801 | 1 |
_aRU _bNLR _c20120814 |
|
| 852 |
_aNLR _j2012-7/3540 |
||
| 942 | _cBOOK | ||
| 980 | _aNB | ||